| 000 | 01311nam a2200253 a 4500 | ||
|---|---|---|---|
| 999 |
_c447264 _d447264 |
||
| 003 | BLK | ||
| 005 | 20230727123709.0 | ||
| 008 | 220302b bu |||||r|||| 00| | bu d | ||
| 040 | _aBLK | ||
| 041 |
_aBUL _cBUL |
||
| 080 |
_aНаучноизследователски селскостопански институти _b63:061.6 _x(497.215)(062) _z63:061.6(497.215)(062) |
||
| 139 |
_aРезултати от някои научни изследвания в СНИ "Образцов чифлик" пред периода 1956-1967 година _bР 47 |
||
| 245 |
_aРезултати от някои научни изследвания в СНИ "Образцов чифлик" пред периода 1956-1967 година _h[Малотир. изд.] |
||
| 260 |
_9441842 _aРусе _c1968 |
||
| 300 |
_a54 с. _bс табл. _c17 см |
||
| 380 | _a63 | ||
| 500 | _aИзд. на Изпълнителен комитет на ОНС- Русе ; Селскостопански научноизследователски институт "Образцов чифлик" | ||
| 653 | 7 |
_9191833 _aнаучни изследвания |
|
| 653 | 7 |
_9187415 _aИЗС "Образцов чифлик" |
|
| 852 |
_bК _cК 63/Р 47 |
||
| 942 |
_cKNG _n0 _s1 _01 |
||
| 944 |
_aCR _c2022-03-07 _k30556 _lТеодора Пейчева-Дянкова |
||
| 999 | _d447264 | ||